000 00600nam a2200265Ia 4500
005 20260306163817.0
008 008 260114s9999 xx 000 0 eng d
020 _a9781469604398
037 _aEBOOK
040 _aCRL
040 _beng
040 _cCRL
041 _2eng
041 _aeng
084 _qCRL
100 _aChang
245 4 _aThe Color Of The Land
260 _bUniversity of North Carolina Press
260 _c2014
650 _aSocial Work
856 _uhttps://academic.oup.com/book/23495
942 _cEBOOK
999 _c1711587
_d1711587